00393nam a2200121Ia 4500008004100000100002000041245006600061245005100127260000900178300000900187650001300196856006200209170221s9999 xx 000 0 und d aTruong X. Duong aCostly Self-Insurance of Rights Offerings (pages 1251–1281) cTruong X. Duong, Rajdeep Singh and Eng-Joo Tan c2014 a13 : xBusiness uhttp://onlinelibrary.wiley.com/doi/10.1111/jbfa.12168/pdf